Vplyv zavedenia výpočtovej techniky na proces riadenia a na štruktúru systému riadenia v podniku Strojárne štátnych lesov, š.p. Slovenská Ľupča záverečná práca postgraduálneho štúdia

Guardado en:
Detalles Bibliográficos
Autor principal: Moravčík, Peter
Autor Corporativo: Vysoká škola ekonomická v Bratislave
Otros Autores: Zabák, Zoltán
Formato: Libro
Lenguaje:eslovaco
Publicado: Bratislava 1989
Etiquetas: Agregar Etiqueta
Sin Etiquetas, Sea el primero en etiquetar este registro!

MARC

LEADER 00000nam a2200000 4500
001 c028406
005 20260108100345.9
041 0 |a slo 
044 |a SK 
245 1 0 |a Vplyv zavedenia výpočtovej techniky na proces riadenia a na štruktúru systému riadenia v podniku Strojárne štátnych lesov, š.p. Slovenská Ľupča  |b záverečná práca postgraduálneho štúdia  |c Peter Moravčík ; ved. práce Zoltán Zabák 
264 1 |a Bratislava  |c 1989 
300 |a 52 s. 
100 1 |a Moravčík, Peter 
700 1 |a Zabák, Zoltán 
710 2 |a Vysoká škola ekonomická v Bratislave